Statistics for Mystery Taylor Swift Song #37

Click here to take the quiz!

General Stats

  • This quiz has been taken 495 times
    (467 since last reset)
  • The average score is 79 of 122

Answer Stats

Song% Correct
Fearless
93%
love
93%
I
89%
"You
89%
you
89%
a
85%
the
85%
and
82%
your
82%
in
80%
so
80%
He
79%
me
79%
is
78%
to
78%
my
77%
a.m.
76%
I'm
76%
it's
76%
that
76%
are
75%
when
75%
all
74%
2
73%
loved
73%
single
73%
way
73%
But
72%
of
72%
that's
72%
could
70%
feel
70%
for
70%
hear
70%
like
70%
name
70%
rain
70%
with
70%
cursing
69%
miss
69%
screaming
69%
up
69%
friends
68%
his
68%
kissing
68%
look
68%
never
68%
says
68%
fighting
67%
insane
67%
You're
67%
act
66%
at
66%
beautiful
66%
fine
66%
knew
66%
not
66%
tonight"
66%
were
66%
car
65%
down
65%
jealous
65%
perfectly
65%
get
64%
into
64%
kind
64%
need
63%
coaster
62%
coming
62%
door
62%
everything
62%
roller
62%
see
62%
anything
61%
better
61%
Breaking
61%
can't
61%
'Cause
61%
father
61%
incredible
61%
Just
61%
much
61%
The Way I Loved You
61%
undone
61%
ask
60%
couldn't
60%
opens
60%
rush
60%
sensible
60%
Talks
60%
will
60%
business
59%
He's
59%
mother
59%
oh
57%
smile
57%
comfortable
56%
exactly
56%
feeling
56%
makes
56%
wait
56%
by
55%
calls
55%
charming
55%
faking
55%
heart's
55%
acted
54%
respects
54%
crazy
53%
space
53%
endearing
52%
now
52%
wild
52%
close
51%
frustrating
49%
some
48%
Got
46%
intoxicating
46%
away
42%
mistake
42%
complicated
41%
Whoa
40%

Score Distribution

Percentile by Number Answered

Percent of People with Each Score

Your Score History

You have not taken this quiz since the last reset